PAROLES - YUZMV - LONDON - Statistiques

Statistiques générales
  • Ce quiz a été pris 23 fois
  • Le résultat moyen est 243 sur 345
Statistiques - réponses
Réponse % Correct
à
100%
a
100%
je
100%
m'a
100%
dans
89%
Dans
89%
de
89%
en
89%
fil
89%
la
89%
89%
le
89%
mais
89%
Mais
89%
me
89%
mon
89%
on
89%
pour
89%
un
89%
vois
89%
aimait
78%
boucle
78%
bunker
78%
ça
78%
comme
78%
coupé
78%
d'affaires
78%
des
78%
dit
78%
du
78%
elle
78%
et
78%
filles
78%
homme
78%
mes
78%
moi
78%
monde
78%
noir
78%
nos
78%
pas
78%
pourquoi
78%
que
78%
qu'elle
78%
s'est
78%
souvenirs
78%
une
78%
vie
78%
vingtaine
78%
violent
78%
alors
67%
amour
67%
au
67%
avoir
67%
back
67%
barman
67%
bas
67%
brises
67%
cabanes
67%
cerceuil
67%
c'est
67%
coeur
67%
comprendre
67%
copains
67%
couilles
67%
couper
67%
d'aller
67%
décor
67%
dehors
67%
demander
67%
descendu
67%
deux
67%
dieu
67%
disons
67%
donne
67%
dur
67%
endormi
67%
enfers
67%
est
67%
fait
67%
fin
67%
fois
67%
fond
67%
frère
67%
guider
67%
hélas
67%
Il
67%
immortel
67%
jardin
67%
j'connais
67%
j'essaie
67%
J'irai
67%
j'me
67%
j'reste
67%
j'suis
67%
j'te
67%
jusqu'à
67%
l'école
67%
les
67%
l'impression
67%
London
67%
lui
67%
main
67%
mal
67%
m'as
67%
massacrer
67%
m'effacera
67%
meilleurs
67%
même
67%
mémoire
67%
m'encercler
67%
miens
67%
mieux
67%
mille
67%
m'y
67%
ong
67%
ou
67%
Parle
67%
parle
67%
parlé
67%
part
67%
peux
67%
quand
67%
qui
67%
rendormi
67%
retrouvé
67%
sais
67%
sauteras
67%
s'enfermera
67%
si
67%
son
67%
suis
67%
sur
67%
surement
67%
t'as
67%
t'aurais
67%
te
67%
toi
67%
tout
67%
triste
67%
tu
67%
veux
67%
vices
67%
vies
67%
voir
67%
voyais
67%
vraiment
67%
bon
56%
Car
56%
combat
56%
deviens
56%
foncer
56%
loin
56%
mur
56%
n'essaye
56%
nuit
56%
peur
56%
plein
56%
Regarde
56%
regarde
56%
rentrais
56%
sans
56%
sentiment
56%
t'ai
56%
t'avoir
56%
trouvé
56%
vu
56%
confiance
44%
devenu
44%
escaladera
44%
Hey
44%
j'attendais
44%
montagnes
44%
perdu
44%
plus
44%
promis
44%
qu'on
44%
Qu'on
44%
regagne
44%
rencard
44%
rêves
44%
ton
44%
bord
33%
crois
33%
ensemble
33%
eu
33%
fera
33%
j'ai
33%
j'étais
33%
j'tai
33%
m'arrête
33%
preterais
33%
rien
33%
souviens
33%
virage
33%
après
22%
j'espère
22%
prends
22%
rappelle-toi
22%
restes
22%
t'y
22%
vide
22%
Bref
11%
juste
11%
Aucun quiz correspondant
Distribution des résultats
% des personnes avec chaque résultat
Percentile par nombre de réponses
Votre historique - résultats
Vous n’avez pas pris ce quiz